El rǧim de comunitat de bňs la creaci ̤d'un patrimoni destinat al sosteniment de la faml̕ia /

Detalles Bibliográficos
Autor principal: Lucas Esteve, Adolfo
Formato: Desconocido
Lenguaje:español
Publicado: Barcelona : Bosch, 2009
Materias:
Acceso en línea:Acceso restringido

MARC

LEADER 00000ny a22000003n 4500
005 20110617140636.0
008 100805s2010 sp 000 0 spa d
017 |a D.LB 48301-2009 
020 |a 9788476988954 
035 |a 4951 
040 |a BUS   |d vLex 
041 0 |a spa 
080 |a 347.626.5(460) 
090 |c 833  |d 833 
100 1 |a Lucas Esteve, Adolfo 
245 1 3 |a El rǧim de comunitat de bňs  |h [Recurso electrn̤ico]  |b la creaci ̤d'un patrimoni destinat al sosteniment de la faml̕ia /  |c Adolfo Lucas Esteve 
256 |a Servicio en ln̕ea 
260 |a Barcelona :  |b Bosch,  |c 2009 
500 |a Premi Ferrer Eguizb̀al 2009. Il-lustre col.legi d'avocats de Barcelona 
506 1 |a Contenido solo disponible en los productos indicados  |d vLex Global  |d vLex Global (Academic Edition, excluding Law Schools)  |d vLex Global (U.S. Academic Edition, Law Schools)  |d vLex Global (U.S. Academic Edition, excluding Law Schools)  |d vLex Global (Academic Edition, Law Schools) 
650 0 4 |a Comunidad de bienes  |z Espaą  
740 0 |a vLex Libros (Servicios en ln̕ea) 
856 4 0 |u http://vlex.com/source/4951  |z Acceso restringido 
942 |c BOOK 
999 |a Derecho de familia  |b Law